000 00362nam a2200157Ia 4500
005 20240807062226.0
008 240806s9999||||xx |||||||||||||| ||eng||
041 _aeng
082 _a891.43093054
_bANAK
100 _aAnamika
245 0 _aKahati hai aourat /
_cAnamika
260 _bSahity Upkram
300 _a288
650 _aGeneral Studies
942 _cBK
999 _c12357
_d12357